000 00716nam a2200289Ia 4500
005 20260324121523.0
008 008 260324s9999 xx 000 0 eng d
020 _a9781315704821
037 _aEBOOK
040 _aCRL
040 _beng
040 _cCRL
041 _2eng
041 _aeng
084 _qCRL
100 _aRobert K Robinson; Geralyn McClure Franklin
_91162827
245 0 _aEmployment Regulation in the Workplace
245 0 _bBasic Compliance for Managers
260 _bTaylor and Francis
260 _c2014
365 _a
365 _b230
856 _uhttp://www.taylorfrancis.com/books/9781315704821
942 _cEBOOK
999 _c1755000
_d1755000